Catch effort sampling strategies: Their application in freshwater fisheries management
Zapisane w:
| 1. autor: | |
|---|---|
| Format: | Książka |
| Język: | Undetermined |
| Wydane: |
Surrey, Eng.
Fishing News Books
1991
|
| Hasła przedmiotowe: | |
| Etykiety: |
Dodaj etykietę
Nie ma etykietki, Dołącz pierwszą etykiete!
|
| Thư viện lưu trữ: | Trung tâm Học liệu Trường Đại học Cần Thơ |
|---|
| LEADER | 00574nam a2200193Ia 4500 | ||
|---|---|---|---|
| 001 | CTU_58180 | ||
| 008 | 210402s9999 xx 000 0 und d | ||
| 082 | |a 333.956 | ||
| 082 | |b C357 | ||
| 100 | |a I. G. Cowx | ||
| 245 | 0 | |a Catch effort sampling strategies: Their application in freshwater fisheries management | |
| 245 | 0 | |c Edited by I. G. Cowx | |
| 260 | |a Surrey, Eng. | ||
| 260 | |b Fishing News Books | ||
| 260 | |c 1991 | ||
| 650 | |a fishery management,fishing | ||
| 650 | |x catch effort | ||
| 904 | |i Minh | ||
| 980 | |a Trung tâm Học liệu Trường Đại học Cần Thơ | ||